Faculty of Law Library — Cairo University

Official Online Catalog

شرح أحكام قانون الأمن والشرطة في التشريع الليبي / (Record no. 59436)

MARC details
000 -LEADER
fixed length control field 01359nam a2200325 i 4500
003 - CONTROL NUMBER IDENTIFIER
control field EG-GICUC
005 - DATE AND TIME OF LATEST TRANSACTION
control field 20260126123700.0
008 - FIXED-LENGTH DATA ELEMENTS--GENERAL INFORMATION
fixed length control field 260126q2001 ly ||||fr|||| 00| 0 ara d
020 ## - INTERNATIONAL STANDARD BOOK NUMBER
International Standard Book Number 9959220095
040 ## - CATALOGING SOURCE
Original cataloging agency EG-GICUC
Language of cataloging ara
Transcribing agency EG-GICUC
Modifying agency EG-GICUC
Description conventions rda
041 0# - LANGUAGE CODE
Language code of text/sound track or separate title ara
082 04 - DEWEY DECIMAL CLASSIFICATION NUMBER
Classification number 343.442602
Item number م ص . ش
Edition number 21
092 04 - LOCALLY ASSIGNED DEWEY CALL NUMBER (OCLC)
Edition number 21
099 ## - LOCAL FREE-TEXT CALL NUMBER (OCLC)
Classification number Law1 10 343.442602 م ص . ش 2001 1006313
100 0# - MAIN ENTRY--PERSONAL NAME
Personal name أحمد عبد اللاه عبد الحميد عبد الرحيم المراغي.
Relator term مؤلف.
245 10 - TITLE STATEMENT
Title شرح أحكام قانون الأمن والشرطة في التشريع الليبي /
Statement of responsibility, etc. عقيد مصطفى عبد الحميد دلاف.
264 #1 - PRODUCTION, PUBLICATION, DISTRIBUTION, MANUFACTURE, AND COPYRIGHT NOTICE
Place of production, publication, distribution, manufacture بنغازي، ليبيا :
Name of producer, publisher, distributor, manufacturer دار الكتب الوطنية،
Date of production, publication, distribution, manufacture, or copyright notice 2001.
300 ## - PHYSICAL DESCRIPTION
Extent 160 صفحة ؛
Dimensions 24 سم.
Other physical details إيضاحيات، صور، مثيليات ؛
336 ## - CONTENT TYPE
Source rda content
Content type term text
337 ## - MEDIA TYPE
Source rda media
Media type term Computer
338 ## - CARRIER TYPE
Source rda carrier
Carrier type term Online Resource
504 ## - BIBLIOGRAPHY, ETC. NOTE
Bibliography, etc. note يشتمل على ارجاعات ببليوجرافية.
546 ## - LANGUAGE NOTE
Language note النص باللغة العربية
650 14 - SUBJECT ADDED ENTRY--TOPICAL TERM
Topical term or geographic name entry element قانون العقوبات العسكري.
Geographic subdivision ليبيا.
Source of heading or term qrmak
650 14 - SUBJECT ADDED ENTRY--TOPICAL TERM
Topical term or geographic name entry element القانون الجنائي.
Geographic subdivision ليبيا.
Source of heading or term qrmak
651 1# - SUBJECT ADDED ENTRY--GEOGRAPHIC NAME
Source of heading or term qrmak
856 40 - ELECTRONIC LOCATION AND ACCESS
Uniform Resource Identifier <a href="https://fll.law.cu.edu.eg/fulltext/bks/B10-06313.pdf">https://fll.law.cu.edu.eg/fulltext/bks/B10-06313.pdf</a>
905 ## - Cataloger and Reviser Names
Cataloger Name: Ramy
942 ## - ADDED ENTRY ELEMENTS (KOHA)
Source of classification or shelving scheme Dewey Decimal Classification
Koha item type Books
Edition 21
Suppress in OPAC No
Holdings
Withdrawn status Lost status Source of classification or shelving scheme Damaged status Not for loan Collection Home library Current library Date acquired Total checkouts Full call number Barcode Date last seen Copy number Price effective from Koha item type
    Dewey Decimal Classification   Not for loan القانون الجنائي جــــامعة القــاهرة مكتبة كلية الحقوق - المبنى الرئيسي 26.01.2026   Law1 10 343.442602 م ص . ش 2001 1006313 C1 B10-06313 26.01.2026 1 26.01.2026 Books

© All rights reserved — Faculty of Law, Cairo University